Barrios de Madrid: Salamanca - Estadísticas

Estadísticas generales
  • Esta prueba ha sido intentada 5 veces
  • La puntuación promedio es 3 de 6
Estadísticas de respuestas
Código Barrio % Correcto
42 Goya
100%
45 Lista
100%
43 Fuente del Berro
50%
46 Castellana
25%
44 La Guindalera
25%
41 Recoletos
0%
No se encontraron pruebas coincidentes
Distribución de puntuación
Porcentaje de gente con cada puntuación
Porcentaje por número respondido
Historial de tus puntuaciones
No has intentado esta prueba.